[Event "Beersheba-B"]
[Site "Beersheba"]
[Date "1991.??.??"]
[Round "?"]
[White "Mikhalevski, Victor"]
[Black "Berkovich, Mark A"]
[Result "1/2-1/2"]
[WhiteElo "2410"]
[BlackElo "2405"]

1.d4 d5 2.c4 e6 3.Nf3 Nf6 4.g3 Be7 5.Bg2 O-O 6.O-O Nc6 7.Qc2 Nb4 8.Qb3 a5
9.a4 b6 10.Na3 Ba6 11.Be3 Ne4 12.Kh1 Nd6 13.cxd5 exd5 14.Rfe1 Re8 15.Bf4 Ne4
16.Kg1 c5 17.Nb5 Rc8 18.Nc3 Bf6 19.Be3 Qd7 20.Rac1 c4 21.Qa3 Nd6 22.Ne5 Qe6
23.f4 Be7 24.g4 Bb7 25.f5 Qf6 26.Rf1 Bf8 27.g5 Qd8 28.f6 g6 29.Qa1 Nc6 30.Nxc6 Bxc6
31.Bf2 Nf5 32.Bh3 Ne3 33.Bxe3 Rxe3 34.Rf3 Rxf3 35.exf3 Bd7 36.Bg2 Be6 37.f4 Bd6
38.Rf1 Qd7 39.Qe1 Re8 40.Qh4 Bf8 41.Re1 h5 42.Re5 Bd6 43.Bf3 Bxe5 44.fxe5 Rd8
45.Nb5 Qe8 46.Bd1 Qf8 47.Qf2 Qb4 48.Nc3 Rb8 49.Bf3 b5 50.Bxd5 Bxd5 51.Nxd5 Qxa4
52.Qe2 c3 53.bxc3 b4 54.e6 bxc3 55.exf7+ Kh7 56.f8=Q Qxd4+ 57.Kf1 Rb1+ 58.Kg2 Qxd5+
59.Kf2 Qd4+ 60.Kg2 Qd5+ 61.Kf2 Qd4+ 62.Kg2 Qd5+  1/2-1/2

[Event "Beersheba-B"]
[Site "Beersheba"]
[Date "1991.??.??"]
[Round "?"]
[White "Mikhalevski, Victor"]
[Black "Gofshtein, Leonid D"]
[Result "0-1"]
[WhiteElo "2410"]
[BlackElo "2440"]

1.d4 d5 2.c4 e6 3.Nf3 Nf6 4.g3 Be7 5.Bg2 O-O 6.O-O dxc4 7.Qc2 a6 8.Nbd2 b5
9.Ng5 c6 10.b3 h6 11.Ngf3 Bb7 12.bxc4 c5 13.dxc5 b4 14.a3 bxa3 15.Rb1 Bc6
16.Ne5 Bxg2 17.Kxg2 Qc7 18.Nd3 Nbd7 19.Bxa3 Nxc5 20.Bb2 a5 21.Nf3 a4 22.Be5 Qc6
23.Rb5 Nfd7 24.Nb4 Qc8 25.Bf4 Nb3 26.Qc3 Ndc5 27.Ne5 Bf6 28.Qe3 g5 29.Ng4 Bd4
30.Nxh6+ Kh7 31.Qf3 Kxh6 32.Nc6 f6 33.Rd1 e5 34.e3 e4 35.Bxg5+ fxg5 36.Qe2 Qxc6
37.exd4 Nd3 38.Qe3 Qf6 39.f4 exf3+ 40.Kf1 Rae8 41.Qxd3 Qe6 42.Kg1 Qe1+ 43.Rxe1 f2+  0-1

[Event "Belgorod-B"]
[Site "Belgorod"]
[Date "1991.??.??"]
[Round "?"]
[White "Gurevich, Vladimir"]
[Black "Karpman, Vadim"]
[Result "1/2-1/2"]
[WhiteElo "2435"]
[BlackElo "2475"]

1.d4 d5 2.c4 e6 3.Nf3 Nf6 4.g3 Be7 5.Bg2 O-O 6.O-O dxc4 7.Qc2 a6 8.Qxc4 b5
9.Qc2 Bb7 10.Bg5 Nbd7 11.Nc3 c5 12.Rfd1 cxd4 13.Nxd4 Bxg2 14.Kxg2 Qb6  1/2-1/2

[Event "Kreuzberg"]
[Site "Berlin"]
[Date "1991.??.??"]
[Round "8"]
[White "Konopka, Michal"]
[Black "Wells, Peter K"]
[Result "1/2-1/2"]
[WhiteElo "2390"]
[BlackElo "2460"]

1.Nf3 Nf6 2.c4 e6 3.g3 d5 4.d4 Be7 5.Bg2 O-O 6.O-O dxc4 7.Qc2 a6 8.Qxc4 b5
9.Qc2 Bb7 10.Bg5 Nbd7 11.Bxf6 Nxf6 12.Nbd2 Rc8 13.Nb3 c5 14.dxc5 Bd5 15.Rfd1 Qc7
16.Nfd4 Bxc5 17.Bxd5 Nxd5 18.Qxc5 Qxc5 19.Nxc5 Rxc5 20.Rac1  1/2-1/2

[Event "Bern op"]
[Site "Bern"]
[Date "1991.??.??"]
[Round "4"]
[White "Tukmakov, Vladimir B"]
[Black "Cullip, Stephen"]
[Result "1-0"]
[WhiteElo "2520"]
[BlackElo "2320"]

1.d4 Nf6 2.c4 e6 3.g3 d5 4.Nf3 Be7 5.Bg2 O-O 6.O-O Nbd7 7.Qb3 c5 8.cxd5 exd5
9.Nc3 cxd4 10.Nxd5 Nxd5 11.Qxd5 Bf6 12.Nxd4 Nb6 13.Qxd8 Rxd8 14.e3 Bxd4 15.exd4 Rxd4
16.Be3 Rd8 17.Rfd1 Bg4 18.Rxd8+ Rxd8 19.Bxb7 Nc4 20.Bxa7 Nxb2 21.Rb1 Na4
22.Kg2 Nc3 23.Rb4 Bd1 24.a3 h5 25.Rd4 Re8 26.Bc5 Rb8 27.Bf3 Bxf3+ 28.Kxf3 Rb2
29.Rd3 Nb1 30.Ke3 Kh7 31.h3 Kg6 32.a4 Ra2 33.Rb3 Nd2 34.Rb4 f6 35.Bb6 f5
36.a5 Ne4 37.Kd3 h4 38.gxh4 Kh5 39.Kc4 Ra3 40.Kb5 Rxh3 41.a6 Ra3 42.a7 Nd6+
43.Kc6 Nc8 44.Kb7 Nxa7 45.Bxa7 Rh3 46.Be3 Rh1 47.Kc6 Rd1 48.Rd4 Ra1 49.Kd6 Ra6+
50.Ke5 Ra5+ 51.Rd5 Ra4 52.Kxf5  1-0

[Event "Bern op"]
[Site "Bern"]
[Date "1991.??.??"]
[Round "6"]
[White "Tukmakov, Vladimir B"]
[Black "Flear, Glenn C"]
[Result "1/2-1/2"]
[WhiteElo "2520"]
[BlackElo "2470"]

1.d4 d5 2.c4 e6 3.Nf3 Nf6 4.g3 Be7 5.Bg2 O-O 6.O-O dxc4 7.Qc2 a6 8.a4 b6
9.Ne5 Ra7 10.Qxc4 Bb7 11.Bxb7 Rxb7 12.Nc3 c5 13.dxc5 Bxc5 14.Bf4 Qc8 15.Rad1 Ng4
16.Qe4 Nxe5 17.Bxe5 Nd7 18.Bd6 Nf6 19.Qf3 Bxd6 20.Rxd6 Rb8 21.Rfd1 Qc4 22.Qf4 Qxf4
23.gxf4 Rfc8 24.R1d4 a5 25.e4 h6 26.Kg2 Ne8 27.Rd7 Nf6 28.R7d6 Ne8 29.Rd7 Nf6
30.Ra7 Rd8 31.Rxd8+ Rxd8 32.Rb7 Nd7 33.e5 Nc5 34.Rxb6 Rd4 35.Rb5  1/2-1/2

[Event "Bern op"]
[Site "Bern"]
[Date "1991.??.??"]
[Round "8"]
[White "Tukmakov, Vladimir B"]
[Black "Petursson, Margeir"]
[Result "1-0"]
[WhiteElo "2520"]
[BlackElo "2515"]

1.d4 Nf6 2.c4 e6 3.g3 d5 4.Nf3 Be7 5.Bg2 O-O 6.O-O dxc4 7.Qc2 a6 8.a4 c5
9.dxc5 Nc6 10.Na3 Bxc5 11.Nxc4 Qe7 12.Nfe5 Nxe5 13.Nxe5 Nd5 14.Nd3 Bd6 15.Bd2 Bd7
16.Qb3 a5 17.Rfd1 Bc6 18.e4 Nb4 19.e5 Bc5 20.Bxb4 Bxb4 21.Bxc6 bxc6 22.Nxb4 axb4
23.Rd6 Qb7 24.Qc4 Rfc8 25.Rad1 Qb6 26.b3 h6 27.Rc1 Rab8 28.Rxc6 Rxc6 29.Qxc6 Qd4
30.Qd6 Qa7 31.a5 Qa8 32.a6 Rb5 33.Qd7 Rb8 34.Rc7 Rf8 35.a7 Qe4 36.Qc6 Qb1+
37.Kg2 Qa1 38.Qc5 Ra8 39.Qxb4  1-0

[Event "Biel op"]
[Site "Biel"]
[Date "1991.??.??"]
[Round "7"]
[White "Tukmakov, Vladimir B"]
[Black "Ziatdinov, Raset"]
[Result "1-0"]
[WhiteElo "2525"]
[BlackElo "2475"]

1.d4 d5 2.c4 e6 3.Nf3 Nf6 4.g3 Be7 5.Bg2 O-O 6.O-O dxc4 7.Qc2 a6 8.a4 Bd7
9.Qxc4 Bc6 10.Bg5 a5 11.Nc3 Na6 12.Rac1 Nb4 13.Bxf6 gxf6 14.e4 Qd6 15.Rfd1 Rfd8
16.d5 exd5 17.exd5 Na6 18.Nh4  1-0

[Event "Bled/Rogaska Slatina"]
[Site "Bled"]
[Date "1991.??.??"]
[Round "7"]
[White "Kozul, Zdenko"]
[Black "Kotronias, Vasilios"]
[Result "1-0"]
[WhiteElo "2580"]
[BlackElo "2520"]

1.d4 d5 2.c4 e6 3.Nf3 Nf6 4.g3 Be7 5.Bg2 O-O 6.O-O dxc4 7.a4 Nc6 8.a5 Rb8
9.Qc2 Nxd4 10.Nxd4 Qxd4 11.Be3 Qg4 12.h3 Qh5 13.Qxc4 e5 14.Qxc7 Bd7 15.g4 Bxg4
16.Qxe7 Bxh3 17.f3 Rfe8 18.Qa3 e4 19.Nd2 Bxg2 20.Kxg2 Qg6+ 21.Kf2 exf3 22.Rg1 Ng4+
23.Rxg4 Qxg4 24.Nxf3 Re4 25.Rg1 Qe6 26.Qc3 Rg4 27.Rxg4 Qxg4 28.Bxa7 Rc8 29.Bc5 h5
30.b4 h4 31.Qe5 f6 32.Qd4 Qg3+ 33.Kf1 Qh3+ 34.Ke1 Qg3+ 35.Kf1 Qh3+ 36.Ke1 Qg3+
37.Qf2 Qxf2+ 38.Kxf2 g5 39.Nd4 Kf7 40.Kg2 Kg6 41.Nb5 Re8 42.e3 Re5 43.Nc3 f5
44.Bd4 Re8 45.b5 Kh5 46.a6 bxa6 47.bxa6 Re6 48.a7 Ra6 49.Nd5 Ra2+ 50.Kg1 Kg4
51.Nc7  1-0

[Event "CSR-ch"]
[Site "Bratislava"]
[Date "1991.??.??"]
[Round "2"]
[White "Konopka, Michal"]
[Black "Sarkozy, Ladislav"]
[Result "1/2-1/2"]
[WhiteElo "2390"]
[BlackElo "2300"]

1.Nf3 Nf6 2.c4 e6 3.g3 d5 4.d4 Be7 5.Bg2 O-O 6.O-O c6 7.b3 b6 8.Qc2 Bb7 9.Nc3 Nbd7
10.Rd1 Rc8 11.e4 Nxe4 12.Nxe4 dxe4 13.Qxe4 Nf6 14.Qe2 Qc7 15.Bb2 Rfd8 16.Rd2 c5
17.Rad1 cxd4 18.Rxd4 Rxd4 19.Nxd4 Bxg2 20.Kxg2 Qb7+ 21.Qf3 Qxf3+ 22.Nxf3 Rc7
23.Ne5 Kf8 24.f4 h5 25.Kf3 g6 26.h3 Ke8 27.g4 hxg4+ 28.hxg4 Nd7 29.Rh1 Nxe5+
30.Bxe5 Rc8 31.g5 Rd8 32.Rh2 Kd7 33.Ke4 Bc5 34.Rh7 Ke8 35.Bf6 Rc8 36.Rh3 Rc7
37.Kd3 Kd7 38.Kc3 a5 39.Be5 Ra7 40.Rd3+ Kc6 41.Rd8 Rd7 42.Rxd7 Kxd7 43.Bd4 Bb4+
44.Kd3 Kc6 45.Ke4 Bd6 46.Be5 Ba3 47.Bc3 Bd6 48.Bd4 Bf8 49.Ke5 Bg7+ 50.Ke4 Bf8
51.Bb2 Bd6 52.Bd4  1/2-1/2

[Event "CSR-ch"]
[Site "Bratislava"]
[Date "1991.??.??"]
[Round "11"]
[White "Konopka, Michal"]
[Black "Polak, Tomas"]
[Result "1/2-1/2"]
[WhiteElo "2390"]
[BlackElo "2330"]

1.Nf3 d5 2.d4 Nf6 3.c4 e6 4.g3 Be7 5.Bg2 O-O 6.O-O dxc4 7.Qc2 a6 8.Qxc4 b5
9.Qc2 Bb7 10.Bg5 Nbd7 11.Bxf6 Nxf6 12.Nbd2 Rc8 13.Nb3 c5 14.dxc5 Bd5 15.Rfd1 Qc7
16.Nfd4 Bxb3 17.Nxb3 Bxc5 18.Nxc5 Qxc5 19.Qxc5 Rxc5 20.Rac1 Rxc1 21.Rxc1 Rd8
22.Bb7 Kf8 23.Bxa6 Rd2 24.Bxb5 Rxb2 25.a4 Ra2 26.Rc8+ Ke7 27.Rc7+ Kf8 28.Ra7 Ne4
29.Bc4 Ra1+ 30.Kg2 Nd6 31.Bd3 e5 32.a5 e4 33.Bc2 Ra3 34.g4 h6 35.e3 g6 36.Kg3 Kg7
37.h4 Kf6 38.Bd1 Ke5 39.Be2 Ra2 40.Bf1 h5 41.Bh3 hxg4 42.Bxg4 f5 43.Bh3 Ra3
44.Kh2 Ra2 45.Kg1 Nc4 46.a6 Kf6 47.Bf1 Ne5 48.Rc7 Nf3+ 49.Kg2 Nxh4+ 50.Kg3 Nf3
51.a7 Ra1 52.Rc6+  1/2-1/2

[Event "Brno Morava-B"]
[Site "Brno"]
[Date "1991.??.??"]
[Round "5"]
[White "Schlosser, Philipp"]
[Black "Stangl, Markus"]
[Result "1/2-1/2"]
[WhiteElo "2485"]
[BlackElo "2490"]

1.d4 d5 2.c4 e6 3.Nf3 Nf6 4.g3 Be7 5.Bg2 O-O 6.O-O dxc4 7.Qc2 a6 8.Qxc4 b5
9.Qc2 Bb7 10.Bg5 Nbd7 11.Nbd2 Rc8 12.Bxf6 Nxf6 13.Nb3 c5 14.dxc5 a5 15.a4 Be4
16.Qc3 b4 17.Qe3 Bd5 18.Rfd1 Qc7 19.Nfd4 Bxg2 20.Kxg2 Bxc5 21.Rac1 Bxd4 22.Qxd4 Qb7+
23.Kg1 Qa6  1/2-1/2

[Event "Brocco op"]
[Site "Brocco"]
[Date "1991.??.??"]
[Round "7"]
[White "Giertz, Niklaus"]
[Black "Flear, Christine"]
[Result "1/2-1/2"]
[WhiteElo "2225"]
[BlackElo "2225"]

1.d4 d5 2.c4 e6 3.g3 Nf6 4.Bg2 Be7 5.Nf3 O-O 6.O-O Nbd7 7.Qc2 c6 8.b3 b6
9.Bb2 Bb7 10.Nbd2 c5 11.Rac1 dxc4 12.Nxc4 Be4 13.Qd2 Rc8 14.Rfd1 Nd5  1/2-1/2

[Event "Cansys IM-A"]
[Site "Budapest"]
[Date "1991.??.??"]
[Round "1"]
[White "Budnikov, Alexandar"]
[Black "Almasi, Zoltan"]
[Result "1-0"]
[WhiteElo "2440"]
[BlackElo "2340"]

1.d4 Nf6 2.c4 e6 3.g3 d5 4.Bg2 Be7 5.Nf3 O-O 6.O-O dxc4 7.Qc2 a6 8.Qxc4 b5
9.Qc2 Bb7 10.Bd2 Nc6 11.e3 Nb4 12.Bxb4 Bxb4 13.a3 Bd6 14.Nbd2 Rc8 15.e4 Be7
16.e5 Nd7 17.b4 a5 18.Nb3 axb4 19.Ng5 Bxg5 20.Bxb7 Rb8 21.Na5 c5 22.Nc6 Qb6
23.Nxb8 Rxb8 24.Be4 cxd4 25.axb4 Be7 26.Rab1 Nxe5 27.Bxh7+ Kf8 28.Be4 Nc4
29.Qe2 Qd6 30.Rfe1 g6 31.Rec1 Ne5 32.Rc5 d3 33.Qe3 Kg7 34.Bxd3 Nxd3 35.Rd1 Rd8
36.Rc3 Qe5 37.Rdxd3 Qxe3 38.Rxe3 Bxb4 39.Rc7 Bd6 40.Rb7 b4 41.Rd3 e5 42.Rxb4 Bxb4
43.Rxd8 Bc3 44.Rd6 Kh6 45.f3 Kg5 46.Kf2 Bd4+ 47.Ke2 Bg1 48.Rd1 Bb6 49.Kd3 Bd4
50.Ke4 f5+ 51.Kd5 Bc3 52.Rd3 Bb2 53.Ke6 Ba1 54.Re3 Bd4 55.Rxe5  1-0

[Event "Spring op"]
[Site "Budapest"]
[Date "1991.??.??"]
[Round "1"]
[White "Vasilchenko, Oleg"]
[Black "Born, Mario"]
[Result "1/2-1/2"]
[WhiteElo "2455"]
[BlackElo "2220"]

1.d4 Nf6 2.c4 e6 3.g3 d5 4.Nf3 Be7 5.Bg2 O-O 6.O-O c6 7.Qc2 Nbd7 8.Nbd2 b6
9.b3 Bb7 10.Bb2 Rc8 11.e4 dxe4 12.Nxe4 c5 13.Nxf6+ Nxf6 14.Rad1 Qc7 15.dxc5 Qxc5
16.Ng5 Qxg5 17.Bxb7 Rcd8 18.a3 Qc5 19.b4 Qc7 20.Bf3 Rxd1 21.Rxd1 Rc8 22.Rc1 Nd7
23.Kg2 Ne5  1/2-1/2

[Event "Statisztika"]
[Site "Budapest"]
[Date "1991.??.??"]
[Round "2"]
[White "Steckner, Johannes"]
[Black "Izsak, Gyula"]
[Result "1/2-1/2"]
[WhiteElo "2300"]
[BlackElo "2285"]

1.d4 Nf6 2.c4 e6 3.g3 d5 4.Nf3 Be7 5.Bg2 O-O 6.O-O b6 7.Ne5 Bb7 8.Qa4 Qc8
9.Nc3 c5 10.cxd5 Nxd5 11.Nxd5 exd5 12.dxc5 bxc5 13.Qb3 Nd7 14.Bxd5 Bxd5 15.Qxd5 Nxe5
16.Qxe5 Bf6 17.Qe4 Rb8 18.Qc2 Re8 19.e3 c4 20.Rb1 Qa6 21.b4 c3 22.a4 Red8
23.b5 Qd6 24.e4 Qd3 25.Qxd3 Rxd3 26.Bf4 Rc8 27.Rb3 h6 28.a5 g5 29.Be3 Bd4
30.Bc1 Bg7 31.h4 gxh4 32.Bf4 Rd7 33.b6 axb6 34.axb6 Rb7 35.Bc7 hxg3 36.e5 gxf2+
37.Kxf2 Rcxc7 38.bxc7 Rxc7 39.Rb5  1/2-1/2

[Event "Spring op"]
[Site "Budapest"]
[Date "1991.??.??"]
[Round "5"]
[White "Korsunsky, Yuri"]
[Black "Erneste, Inguna"]
[Result "1-0"]
[WhiteElo "2465"]
[BlackElo "2285"]

1.d4 Nf6 2.c4 e6 3.g3 d5 4.Nf3 Be7 5.Bg2 O-O 6.O-O c5 7.cxd5 Nxd5 8.e4 Nb6
9.Nc3 cxd4 10.Nxd4 Bf6 11.Ndb5 Nc6 12.Be3 a6 13.Nd6 Be7 14.e5 Nxe5 15.Nxc8 Nxc8
16.Bxb7 Rb8 17.Bxa6 Qa5 18.Qa4 Nf3+ 19.Kg2 Qh5 20.Be2 Qxh2+ 21.Kxf3  1-0

[Event "Cansys IM-Nov"]
[Site "Budapest"]
[Date "1991.??.??"]
[Round "6"]
[White "Fogarasi, Tibor"]
[Black "Almasi, Istvan"]
[Result "1/2-1/2"]
[WhiteElo "2410"]
[BlackElo "2280"]

1.d4 Nf6 2.Nf3 d5 3.c4 e6 4.g3 Be7 5.Bg2 O-O 6.O-O c6 7.Qc2 b6 8.Rd1 Bb7
9.b3 Nbd7 10.Nc3 Rc8 11.e4 Nxe4 12.Nxe4 dxe4 13.Qxe4 Qc7 14.Qc2 Rfd8 15.Bb2 Bf6
16.Rd2 c5 17.dxc5 bxc5 18.Rad1 h6 19.h3 Bxb2 20.Qxb2 Nf6 21.Qe5 Rxd2 22.Rxd2 Ne8
23.Qxc7 Rxc7 24.Rd8 Kf8 25.Ne5 Ke7 26.Rb8 Bxg2 27.Kxg2 Nd6 28.f4 Rc8 29.Rxc8 Nxc8
30.Kf3 f6 31.Nd3 Kd6 32.Nf2 Kc6 33.g4 Nd6 34.Nh1 g6 35.Ng3 f5 36.gxf5 gxf5
37.Ke3 a5 38.Kd3 Nf7 39.Ke3 Nd6 40.Kd3 Nf7 41.Nf1 Kd6 42.Ne3 Nd8 43.Nd1 Nc6  1/2-1/2

[Event "Honved"]
[Site "Budapest"]
[Date "1991.??.??"]
[Round "6"]
[White "Farago, Sandor"]
[Black "Horvath, Zoltan"]
[Result "0-1"]
[WhiteElo "2395"]
[BlackElo "2350"]

1.d4 Nf6 2.c4 e6 3.Nf3 d5 4.g3 Be7 5.Bg2 O-O 6.O-O dxc4 7.Nbd2 b5 8.a4 c6
9.Ne5 Nd5 10.Ne4 Bb7 11.Nc5 Bxc5 12.dxc5 Qe7 13.e4 Nb4 14.Be3 f6 15.Nf3 N8a6
16.Nd4 Nxc5 17.axb5 cxb5 18.Nxb5 Nxe4 19.Nxa7 Nd3 20.Qe2 Nd6 21.Nc6 Qd7 22.Na5 Bxg2
23.Kxg2 Qb5 24.Bd2 Qd5+ 25.f3 Rfb8 26.Rfb1 Nxb2 27.Nc6 Qxc6 28.Qxe6+ Kh8
29.Rxa8 Rxa8 30.Bb4 c3 31.Qxd6 Qxd6 32.Bxd6 c2 33.Rf1 Nd3 34.Bf4 Rc8 35.Bc1 Rb8
36.f4 Rb1 37.Be3 Rxf1 38.Kxf1 c1=Q+ 39.Bxc1 Nxc1 40.f5 Kg8  0-1

[Event "Spring op"]
[Site "Budapest"]
[Date "1991.??.??"]
[Round "6"]
[White "Vaulin, Alexander"]
[Black "Radnoti, Bela"]
[Result "1-0"]
[WhiteElo "2510"]
[BlackElo "2275"]

1.c4 e6 2.g3 d5 3.Bg2 Nf6 4.Nf3 Be7 5.d4 O-O 6.O-O Nbd7 7.Qc2 c5 8.cxd5 Nxd5
9.Nc3 Nxc3 10.bxc3 cxd4 11.cxd4 Nf6 12.Rb1 Nd5 13.e4 Nb4 14.Qd2 Nc6 15.Rd1 Na5
16.Qe2 Bd7 17.d5 Qc8 18.Bd2 Nc4 19.Bf4 exd5 20.Rxd5 Be6 21.Rc1 b5 22.Rxb5 Qd7
23.Rbb1 Na3 24.Rd1 Qa4 25.Rbc1 Nb5 26.Be5 f6 27.Nd4 Nxd4 28.Bxd4 Rac8 29.Be3 a5
30.Qa6 Bc4 31.Qb7 Ba3 32.Rd7 Qxd7 33.Qxd7 Bxc1 34.Bxc1 Rfd8 35.Qg4 h5 36.Qf3 Be2
37.Qxe2 Rxc1+ 38.Bf1 Rdd1 39.a4 Kf8 40.Kg2 Ke7 41.Qb5 Rxf1 42.Qxf1 Rxf1 43.Kxf1 Kd6
44.Ke2 Kc5 45.Kd3 Kb4 46.f4 Kxa4 47.Kc4  1-0

[Event "Cansys"]
[Site "Budapest"]
[Date "1991.??.??"]
[Round "7"]
[White "Schlosser, Philipp"]
[Black "Lukacs, Peter"]
[Result "1/2-1/2"]
[WhiteElo "2465"]
[BlackElo "2460"]

1.c4 e6 2.g3 d5 3.Bg2 Nf6 4.Nf3 Be7 5.d4 O-O 6.O-O Nbd7 7.Qc2 c6 8.b3 b5
9.Nbd2 bxc4 10.bxc4 Ba6 11.Bb2 Qa5 12.Rfc1 Rab8 13.Bc3 Bb4 14.a3  1/2-1/2

[Event "Spring op"]
[Site "Budapest"]
[Date "1991.??.??"]
[Round "8"]
[White "Raetsky, Alexander"]
[Black "Magomedov, Magaram"]
[Result "0-1"]
[WhiteElo "2400"]
[BlackElo "2470"]

1.d4 d5 2.c4 e6 3.Nf3 Nf6 4.g3 Be7 5.Bg2 O-O 6.O-O c5 7.cxd5 exd5 8.Nc3 Nc6
9.dxc5 Bxc5 10.Bg5 d4 11.Bxf6 Qxf6 12.Nd5 Qd8 13.Nd2 Re8 14.Rc1 Bb6 15.Re1 Bf5
16.Nb3 Be4 17.Bxe4 Rxe4 18.Nf4 Qg5 19.Nd3 Re7 20.a3 Rae8 21.Nd2 g6 22.Nf3 Qf5
23.Qc2 h5 24.Nf4 Re4 25.Nd2 Rxf4 26.gxf4 Qg4+ 27.Kf1 Qxf4 28.Nf3 Ne5 29.Qd2 Qe4
30.h3 Kg7 31.Qg5 d3 32.Qg2 Nxf3 33.exf3 Qf4 34.Rcd1 Rxe1+ 35.Rxe1 Qa4 36.Qg5 Qc2
37.Qe5+ Kh7 38.Kg2 d2 39.Qf6 dxe1=N+  0-1

[Event "Statisztika"]
[Site "Budapest"]
[Date "1991.??.??"]
[Round "9"]
[White "Gyorkos, Lajos"]
[Black "Kovacs, Janos"]
[Result "1-0"]
[WhiteElo "2390"]
[BlackElo "2345"]

1.d4 Nf6 2.c4 e6 3.g3 Be7 4.Bg2 d5 5.Nf3 O-O 6.O-O c6 7.Nc3 b6 8.b3 Bb7 9.Qc2 Nbd7
10.Rd1 Qc7 11.e4 dxe4 12.Ng5 h6 13.Ngxe4 Nxe4 14.Nxe4 Nf6 15.Bf4 Qd7 16.Nc3 Rfd8
17.Rd3 Bd6 18.Be3 Qe7 19.Re1 Bb4 20.Bd2 Rd7 21.Rd1 Rad8 22.Bf4 Bd6 23.Be5 Bxe5
24.dxe5 Rxd3 25.Rxd3 Ng4 26.Rxd8+ Qxd8 27.Qe4 Qg5 28.Ne2 Qh5 29.h3  1-0

[Event "Buenos Aires Najdorf"]
[Site "Buenos Aires"]
[Date "1991.??.??"]
[Round "9"]
[White "Tal, Mihail"]
[Black "Nogueiras, Jesus"]
[Result "1/2-1/2"]
[WhiteElo "2565"]
[BlackElo "2540"]

1.c4 e6 2.Nf3 d5 3.d4 Nf6 4.g3 Be7 5.Bg2 O-O 6.O-O dxc4 7.Qc2 a6 8.Qxc4 b5
9.Qc2 Bb7 10.Bg5 Nbd7 11.Bxf6 Nxf6 12.Nbd2 Rc8 13.Nb3 Be4 14.Qc1 c5 15.dxc5 Qc7
16.Rd1 Bxc5 17.Nxc5 Qxc5 18.Qxc5 Rxc5 19.Rac1 Rxc1 20.Rxc1 Rd8 21.Ne5  1/2-1/2

[Event "Cacak-B"]
[Site "Cacak"]
[Date "1991.??.??"]
[Round "2"]
[White "Rabrenovic, Vladan"]
[Black "Mathe, Gaspar"]
[Result "0-1"]
[WhiteElo "2285"]
[BlackElo "2405"]

1.d4 d5 2.c4 e6 3.Nf3 Nf6 4.g3 Be7 5.Bg2 O-O 6.O-O Nbd7 7.Nc3 dxc4 8.e4 Nb6
9.Qe2 c5 10.dxc5 Bxc5 11.Rd1 Qe7 12.Ne5 Bd7 13.Bg5 Be8 14.Ng4 e5 15.Nd5 Nbxd5
16.Rxd5 Bd4 17.Bxf6 gxf6 18.Nh6+ Kh8 19.Nf5 Qc7 20.Nxd4 exd4 21.Rxd4 Bb5
22.Rd5 Ba6 23.Qf3 Qe7 24.Rad1 Rad8 25.Bh3 Rxd5 26.exd5 Qd6 27.Bf5 Rg8 28.Qh5 Rg7
29.a4 Kg8 30.Re1 Kf8 31.Bxh7 b6 32.Be4 Bc8 33.Qh8+ Rg8 34.Qh6+ Rg7 35.Qh8+ Rg8
36.Qh6+ Rg7 37.Qd2 f5 38.Bf3 f4 39.Qd4 fxg3 40.hxg3 Rxg3+ 41.fxg3 Qxg3+ 42.Bg2 Qxe1+
43.Kh2 Bd7 44.d6 Kg8 45.Bh3 Qe2+ 46.Kg3 f5 47.Kf4 Qh2+ 48.Kg5 Qg3+  0-1

[Event "Cacak-B"]
[Site "Cacak"]
[Date "1991.??.??"]
[Round "4"]
[White "Bodic, Dragan"]
[Black "Mathe, Gaspar"]
[Result "1/2-1/2"]
[WhiteElo "2300"]
[BlackElo "2405"]

1.d4 Nf6 2.Nf3 e6 3.c4 d5 4.g3 Be7 5.Bg2 O-O 6.Qc2 c5 7.O-O cxd4 8.Nxd4 Nc6
9.Nxc6 bxc6 10.b3 a5 11.Nc3 Ba6 12.Rd1 Qc7 13.Na4 dxc4 14.bxc4 Rad8 15.Be3 c5
16.h3 Nd7 17.f4 h5 18.Rab1  1/2-1/2

[Event "JUG-chT Cetinje"]
[Site "Cetinje"]
[Date "1991.??.??"]
[Round "9"]
[White "Tukmakov, Vladimir B"]
[Black "Cvetkovic, Srdjan"]
[Result "1/2-1/2"]
[WhiteElo "2520"]
[BlackElo "2470"]

1.d4 Nf6 2.c4 e6 3.g3 d5 4.Bg2 Be7 5.Nf3 O-O 6.O-O dxc4 7.Qc2 a6 8.a4 Bd7
9.Qxc4 Bc6 10.Bg5 Nbd7 11.Nc3 h6 12.Bxf6 Bxf6 13.Rfe1 Bd5 14.Qd3 Bxf3 15.Bxf3 c6
16.Red1  1/2-1/2

[Event "POL-ch"]
[Site "Cetniewo"]
[Date "1991.??.??"]
[Round "12"]
[White "Urban, Klaudiusz"]
[Black "Pedzich, Dominik"]
[Result "1/2-1/2"]
[WhiteElo "2395"]
[BlackElo "2400"]

1.d4 d5 2.c4 e6 3.Nf3 Nf6 4.g3 Be7 5.Bg2 O-O 6.O-O dxc4 7.Qc2 a6 8.a4 Bd7
9.Qxc4 Bc6 10.Bg5 a5 11.Nc3 Na6 12.Rfd1 Qd6 13.e3 h6 14.Bxf6 Bxf6 15.Nd2 Bxg2
16.Kxg2  1/2-1/2

[Event "Cheliabinsk"]
[Site "Cheliabinsk"]
[Date "1991.??.??"]
[Round "?"]
[White "Gleizerov, Evgeny"]
[Black "Enhbat, P."]
[Result "1-0"]
[WhiteElo "2485"]
[BlackElo "2300"]

1.d4 Nf6 2.c4 e6 3.g3 d5 4.Bg2 Be7 5.Nf3 O-O 6.Nc3 dxc4 7.O-O c5 8.dxc5 Nc6
9.Qa4 Qa5 10.Qxc4 Qxc5 11.Qxc5 Bxc5 12.Bf4 Bd7 13.Rac1 Rac8 14.Nb5 e5 15.Rxc5 exf4
16.Nd6 b6 17.Rcc1 Rcd8 18.gxf4 Nb4 19.a3 Nbd5 20.e3 Ba4 21.Nf5 g6 22.N5d4 Kg7
23.b3 Bd7 24.Ne5 Rfe8 25.Rfd1 h6 26.Rc2 Ng4 27.Bxd5  1-0

[Event "Capablanca mem"]
[Site "Cienfuegos"]
[Date "1991.??.??"]
[Round "1"]
[White "Nogueiras, Jesus"]
[Black "Armas, Jorge"]
[Result "0-1"]
[WhiteElo "2535"]
[BlackElo "2395"]

1.d4 d5 2.c4 e6 3.Nf3 Nf6 4.g3 Be7 5.Bg2 O-O 6.Nc3 dxc4 7.O-O c5 8.dxc5 Nc6
9.Qa4 Qa5 10.Qxc4 Qxc5 11.Qxc5 Bxc5 12.Rd1 Bd7 13.g4 h6 14.h4 Rfd8 15.g5 hxg5
16.hxg5 Ng4 17.Ne4 Bb6 18.Bf4 e5 19.Bg3 Be6 20.Nc3 f6 21.gxf6 gxf6 22.Bh3 Kf7
23.Ne4 Ke7 24.Bxg4 Bxg4 25.Bh4 Ke6 26.Bxf6 Rxd1+ 27.Rxd1 Nd4 28.Kg2 Bxf3+
29.exf3 Rg8+ 30.Kf1 Rf8 31.Bh4 Rh8  0-1

[Event "Copenhagen Unibank"]
[Site "Copenhagen"]
[Date "1991.??.??"]
[Round "2"]
[White "Sorensen, Torben"]
[Black "Hoi, Carsten"]
[Result "1/2-1/2"]
[WhiteElo "2280"]
[BlackElo "2440"]

1.Nf3 Nf6 2.c4 e6 3.g3 d5 4.Bg2 Be7 5.d4 O-O 6.O-O c6 7.b3 Nbd7 8.Nc3 b6
9.Bb2 Ba6 10.Re1 b5 11.Nd2 bxc4 12.bxc4 Rb8 13.Rb1 Nb6 14.c5 Nc4 15.Nxc4 Bxc4
16.Qa4 Qc7 17.Bc1 Rxb1 18.Nxb1 e5 19.Na3 Bb5 20.Nxb5 cxb5 21.Qxb5 exd4 22.Bg5  1/2-1/2

[Event "Copenhagen op"]
[Site "Copenhagen"]
[Date "1991.??.??"]
[Round "6"]
[White "Bator, Robert"]
[Black "Nielsen, Peter Heine"]
[Result "1-0"]
[WhiteElo "2355"]
[BlackElo "2365"]

1.d4 d5 2.c4 e6 3.g3 Nf6 4.Bg2 Be7 5.Nf3 O-O 6.O-O dxc4 7.Qc2 a6 8.a4 c5
9.Rd1 Nc6 10.Na3 cxd4 11.Nxc4 Nd5 12.Bf4 Nxf4 13.gxf4 Bf6 14.Nfe5 Bxe5 15.fxe5 Bd7
16.Ra3 f5 17.f4 Rc8 18.Qd2 Rc7 19.Nd6 Kh8 20.b4 b6 21.b5 axb5 22.axb5 Na5
23.Qxd4 Rc2 24.Re3 Qc7 25.Nxf5 Bxb5 26.Nd6 Bxe2 27.Re1 Ba6 28.f5 Nc4 29.Rg3 Rd2
30.Qc3 Qc5+ 31.Kh1 Qf2 32.Rg1 Rc2 33.Qa1 Ra2 34.Qd1 Ne3 35.Nf7+ Kg8 36.Nh6+ Kh8
37.Nf7+ Kg8 38.Nh6+ Kh8 39.Qd7 g6 40.Nf7+ Rxf7 41.Qxf7 Qxf5 42.Qe8+ Kg7 43.Qe7+  1-0

[Event "CZE-ch"]
[Site "CSR"]
[Date "1991.??.??"]
[Round "5"]
[White "Sykora, Robert"]
[Black "Jirovsky, Milos"]
[Result "0-1"]
[WhiteElo "2265"]
[BlackElo "2310"]

1.d4 Nf6 2.c4 e6 3.Nf3 d5 4.g3 Be7 5.Bg2 O-O 6.O-O Nbd7 7.Qc2 c6 8.Nbd2 b6
9.b3 Bb7 10.Bb2 Rc8 11.Rad1 Qc7 12.e4 Rfd8 13.Rfe1 Nf8 14.a3 Ng6 15.b4 Nxe4
16.Nxe4 dxe4 17.Ne5 c5 18.Nxg6 hxg6 19.dxc5 bxc5 20.b5 f5 21.a4 Bf6 22.Bxf6 gxf6
23.Qc3 e5 24.a5 Rd4 25.Rb1 Qd6 26.Qb3 Rb8 27.a6 Bc8 28.Rbc1 Rb6 29.g4 Rd3
30.Rc3 Qd4 31.Rxd3 exd3 32.gxf5 Bxf5 33.Rd1 e4 34.Qa2 Be6 35.Qd2 Bxc4 36.Qf4 Bxb5
37.Qxe4 Qxe4 38.Bxe4 Rd6  0-1

[Event "DEN-chT"]
[Site "DEN"]
[Date "1991.??.??"]
[Round "3"]
[White "Hutters, Tomas"]
[Black "Sorensen, Bent"]
[Result "1/2-1/2"]
[WhiteElo "2465"]
[BlackElo "2305"]

1.c4 e6 2.Nf3 d5 3.d4 Nf6 4.g3 Be7 5.Bg2 O-O 6.Qc2 dxc4 7.Nbd2 c5 8.dxc5 Qa5
9.O-O Qxc5 10.Nxc4 Nd5 11.Qb3 b5 12.Ne3 Bb7 13.Ne5 Rd8 14.Rd1 Bf6 15.Nxd5 Bxd5
16.Be3 Qd6 17.Bxd5 exd5 18.Ng4 Be7 19.Qxb5 Qe6 20.h3 h5 21.Nh2 Nc6 22.Rac1 Ne5
23.b3 Rab8 24.Qa5 a6 25.Kg2 Bb4 26.Qa4 Rb5 27.a3 Bf8 28.b4 Rbb8 29.Bf4 Ra8
30.Bxe5 Qxe5 31.e3 a5 32.bxa5 Qb2 33.Nf3 Qxa3 34.Qxa3 Bxa3 35.Ra1 Rxa5 36.e4 d4
37.Rxd4 Re8 38.Rd3 Bb4 39.Rxa5 Bxa5 40.Rd5 Bc3 41.Rc5 Bf6 42.Nd2 g6 43.g4 hxg4
44.hxg4 Ra8 45.e5 Be7 46.Rc7 Kf8 47.Nc4 Rd8 48.f4 Rd3 49.e6 fxe6 50.Ne5 Rd2+
51.Kf3 Ke8 52.Nxg6 Bd6 53.Rc4 Rd1 54.Re4 Kf7 55.Nh4 Rh1 56.Kg3 Rg1+ 57.Ng2 Bc5
58.Re5 Bd6 59.Re4 Bc5 60.Re1 Rxe1 61.Nxe1 Kf6 62.Nd3  1/2-1/2